Para comprender la eclesiología desde América Latina
Saved in:
| Main Author: | |
|---|---|
| Format: | Book |
| Language: | Spanish |
| Published: |
Pamplona
Editorial Verbo Divino
2002
|
| Edition: | 4a. ed |
| Series: | Verbo Divino, 30
|
| Subjects: | |
| Tags: |
Add Tag
No Tags, Be the first to tag this record!
|
MARC
| LEADER | 00000cam a2200000 a 4500 | ||
|---|---|---|---|
| 001 | UCD6557 | ||
| 003 | CL-VaPUC | ||
| 008 | 161216e20020000sp |||||||||||||||||spa|d | ||
| 020 | |a 8471516764 | ||
| 082 | 0 | 4 | |a 262 |b COD |2 21 |
| 100 | 0 | |a Codina, Víctor |e author |9 590415 | |
| 245 | 1 | 0 | |a Para comprender la eclesiología desde América Latina |
| 250 | |a 4a. ed | ||
| 300 | |a 132 p | ||
| 942 | |c BK | ||
| 945 | |d 20161216 10:21:00 |a arojas | ||
| 260 | |a Pamplona |b Editorial Verbo Divino |c 2002 | ||
| 650 | 0 | |a Eclesiología |9 366152 | |
| 650 | 0 | |a Antiguo testamento |9 313678 | |
| 650 | 0 | |a Nuevo testamento |9 257604 | |
| 650 | 0 | |a Teología de la liberación |9 255471 | |
| 650 | 0 | |a Cristianismo |9 257361 | |
| 651 | 0 | |a América Latina |9 255027 | |
| 583 | |a last modification |c 20161216 10:21:00 |k Rodrigo Vera | ||
| 490 | 0 | |a Verbo Divino, 30 | |
| 999 | |c 366846 |d 366844 | ||
| 952 | |0 0 |1 0 |3 erb |4 0 |6 262_000000000000000_COD_2002 |7 0 |8 A |9 481404 |a BIBTEO |b BIBTEO |i 5356172 |l 3 |o 262 COD 2002 |p 5356172 |r 2025-01-17 |s 2023-11-08 |w 2019-11-24 |y BK |z Catalogado en:20161216 |k ICR | ||